Up-to-date Ielts examination highlights

Contents: Model Test 1 Model Test 2 Model Test 3 Model Test 4 Model Test 5 Audio Scripts, Answer Key & Model Answers Model Test 1 Model Test 2 Model Test 3 Model Test 4 Model Test 5

שמור ב:
מידע ביבליוגרפי
מחבר ראשי: Terence, Martin Renner
פורמט: ספר
שפה:Undetermined
יצא לאור: Thành phố Hồ Chí Minh Tổng hợp 2014
נושאים:
תגים: הוספת תג
אין תגיות, היה/י הראשונ/ה לתייג את הרשומה!
Thư viện lưu trữ: Trung tâm Học liệu Trường Đại học Cần Thơ
LEADER 00802nam a2200217Ia 4500
001 CTU_202332
008 210402s9999 xx 000 0 und d
020 |c 212000 
082 |a 428.0076 
082 |b T316 
100 |a Terence, Martin Renner 
245 0 |a Up-to-date Ielts examination highlights 
245 0 |c Martin Renner Terence 
260 |a Thành phố Hồ Chí Minh 
260 |b Tổng hợp 
260 |c 2014 
520 |a Contents: Model Test 1 Model Test 2 Model Test 3 Model Test 4 Model Test 5 Audio Scripts, Answer Key & Model Answers Model Test 1 Model Test 2 Model Test 3 Model Test 4 Model Test 5 
650 |a Tiếng Anh,English language 
650 |x Kỳ thi,Examinations 
904 |i Tuyến 
980 |a Trung tâm Học liệu Trường Đại học Cần Thơ